000 00440nam a22001337a 4500
008 161021b xxu||||| |||| 00| 0 eng d
022 _a00340383
082 _2Aug - Oct 2008, v. 91 n. 545-547
_aDPer 050.5
_bR22
245 _aReader's digest.
260 _a[Australia]:
_bReader's Digest Asia PTE, LTD.,
_cc2008.
300 _avarious paging:
_bcolor illustrations;
_c19 cm.
650 0 _922450
_aReader's digest
_vPeriodicals
942 _2ddc
_cPER
999 _c7388
_d7388